| 000 | 00641nam a2200169 4500 | ||
|---|---|---|---|
| 008 | 020709s ph chi | ||
| 090 |
_aBV4509.C5 _bJ41w |
||
| 100 | 1 | _a鄭天福 Jeng Tian Fwu | |
| 245 | 1 | 0 |
_a侍奉主的路 The way of the ministry{ch} / _c鄭天福 Jeng Tian Fwu. |
| 260 |
_a馬尼拉 Manila : _b基督徒侍奉訓練中心 Christian Ministry Training Center, _c. |
||
| 300 | _a106 p. | ||
| 650 | 4 | _aChristian life{ch}. | |
| 650 | 4 | _aPastoral theology{ch}. | |
| 650 | 4 | _aService (Theology){ch}. | |
| 650 | 4 |
_aSpiritual life _xChristianity{ch}. |
|
| 951 |
_pC-4125 _x00027583 _oBV4509.C5/J41w _j070613111133203 _d2000-12-21 _cCH |
||
| 999 |
_c12251 _d12251 |
||